| 000 | 00583nam a2200205 a 4500 | ||
|---|---|---|---|
| 005 | 20210223130219.0 | ||
| 008 | 070809s2004 mx r 000 0 spa d | ||
| 020 | _a8449316499 | ||
| 035 | _aUPN01000150722 | ||
| 049 | _aCG | ||
| 050 | 4 |
_aHD2341 _bS2.2 |
|
| 100 | 1 | _aSaco, Raquel | |
| 245 | 1 | 0 |
_aAprender a crear una microempresa / _cRaquel Saco, Maga Mazza. |
| 260 |
_aBarcelona, Esp. : _bPaidós, _cc2004. |
||
| 440 | 0 |
_aPaidós. _pAprender ; _v16 |
|
| 650 | 4 |
_aMICROEMPRESAS _96437 |
|
| 650 | 4 |
_aEMPRESAS COMERCIALES _98100 |
|
| 700 | 1 |
_aMazza, Maga, _ecoaut. |
|
| 905 | _aLibro | ||
| 999 |
_c122863 _d122863 |
||